00568nam a2200205Ia 450000500170000000800460001703700110006304000080007404000080008204000080009004100080009804100080010608400080011410000400012224501190016226000090028130000100029065000080030070000540030820260430150102.0008 250103s9999 xx 000 0 eng d aTheses aCRL beng ceng 2eng aeng qCRL aGasparyan Anush Au.; Ved Kumari Gu. 0aIssues Related to Working women in Organised Sector: A Comparative Study of Laws and Practice in India and Armenia c2022 a196p. aLaw aUniversity of Delhi. Faculty of Law. Deptt of law